| 000 | 00437nam a22001817a 4500 | ||
|---|---|---|---|
| 001 | 00028814 | ||
| 005 | 20260417080136.0 | ||
| 008 | 260417b ag ||||| |||| 00| 0 spa d | ||
| 020 | _a9505161648 | ||
| 040 |
_bspa _cAR-CcCEOS |
||
| 080 | _a33 | ||
| 090 | _bWEB | ||
| 245 |
_a¿Que es la burocracia? / _cMax Weber |
||
| 260 |
_aBuenos Aires : _bLeviatan. |
||
| 300 |
_a118 p. ; _c21x19 cm. |
||
| 650 | 0 | _apolitica | |
| 942 |
_2udc _cBK |
||
| 999 |
_c28850 _d28850 |
||
| 945 |
_a66467 _bMelina Rolando _c66467 _dMelina Rolando |
||